[Event "POL-ch U18"]
[Site "Wisla"]
[Date "2000.??.??"]
[Round "7"]
[White "Adamowski, Jan"]
[Black "Augustyn, Sebastian"]
[Result "1-0"]
[WhiteElo "2069"]
[BlackElo "2000"]
[PlyCount "85"]
[EventDate "2000.02.26"]
[EventType "swiss"]
[EventRounds "10"]
[EventCountry "POL"]
[SourceTitle "EXT 2005"]
[Source "ChessBase"]
[SourceDate "2004.11.15"]
[SourceVersion "1"]
[SourceVersionDate "2004.11.15"]
[SourceQuality "1"]

1. Nf3 c5 2. g3 Nc6 3. Bg2 g6 4. d3 Bg7 5. e4 d6 6. Nc3 e6 7. Be3 Nge7 8. Qd2 0-0 9. Bh6 Qa5 10. h4 Bh8 11. Bxf8 Kxf8 12. h5 Bg7 13. hxg6 hxg6 14. Nd1 Qc7 15. c3 b5 16. Ne3 Rb8 17. 0-0 Bb7 18. Rac1 a5 19. Rfd1 Rd8 20. d4 c4 21. d5 exd5 22. Nxd5 Nxd5 23. exd5 Ne5 24. Nxe5 Bxe5 25. Re1 Kg7 26. Qe3 Bc8 27. Rc2 Rh8 28. f4 Bf6 29. Bf3 Rh3 30. Bg2 Rh8 31. Rcc1 Bg4 32. Rc2 a4 33. Bf3 Qd7 34. Rh2 Rxh2 35. Kxh2 Bxf3 36. Qxf3 Qa7 37. a3 Kf8 38. Kg2 Qb7 39. g4 g5 40. fxg5 Bxg5 41. Qf5 Bh4 42. Re3 Kg7 43. g5 1-0

[Event "POL-ch U18"]
[Site "Wisla"]
[Date "2000.??.??"]
[Round "9"]
[White "Adamowski, Jan"]
[Black "Jedynak, Radoslaw"]
[Result "1/2-1/2"]
[WhiteElo "2069"]
[BlackElo "2299"]
[PlyCount "101"]
[EventDate "2000.02.26"]
[EventType "swiss"]
[EventRounds "10"]
[EventCountry "POL"]
[SourceTitle "EXT 2005"]
[Source "ChessBase"]
[SourceDate "2004.11.15"]
[SourceVersion "1"]
[SourceVersionDate "2004.11.15"]
[SourceQuality "1"]

1. g3 e5 2. Bg2 Nf6 3. d3 Nc6 4. Nf3 d5 5. 0-0 Bc5 6. Bg5 Be6 7. c3 h6 8. Bxf6 Qxf6 9. Nbd2 0-0 10. Qc2 Qe7 11. Nxe5 Bxf2+ 12. Rxf2 Nxe5 13. e4 dxe4 14. Bxe4 Rad8 15. d4 Ng4 16. Re2 Nf6 17. Bg2 c5 18. Nf3 Qc7 19. Rae1 Bg4 20. Re7 Rd7 21. Rxd7 Nxd7 22. Qf2 b6 23. Ne5 Nxe5 24. Rxe5 Be6 25. Bd5 Bh3 26. Qf4 cxd4 27. Qxd4 Qd6 28. Re8 Be6 29. Rxf8+ Qxf8 30. a3 Qe7 31. Be4 g6 32. Qe5 Qd7 33. Qd4 Qb5 34. Qd2 Kh7 35. Qf2 Qb3 36. Bc2 Qa2 37. Be4 Qa1+ 38. Kg2 Qc1 39. Bf3 h5 40. h4 Kg8 41. Qe2 a6 42. Be4 b5 43. Bxg6 Bd5+ 44. Kf2 fxg6 45. Qe8+ Kg7 46. Qe5+ Kf8 47. Qd6+ Ke8 48. Qe5+ Kf8 49. Qd6+ Kg7 50. Qe5+ Kh7 51. Qe7+ 1/2-1/2

[Event "POL-ch U18"]
[Site "Wisla"]
[Date "2000.??.??"]
[Round "6"]
[White "Janiszewski, Maciej"]
[Black "Adamowski, Jan"]
[Result "1/2-1/2"]
[WhiteElo "1800"]
[BlackElo "2069"]
[PlyCount "132"]
[EventDate "2000.02.26"]
[EventType "swiss"]
[EventRounds "10"]
[EventCountry "POL"]
[SourceTitle "EXT 2005"]
[Source "ChessBase"]
[SourceDate "2004.11.15"]
[SourceVersion "1"]
[SourceVersionDate "2004.11.15"]
[SourceQuality "1"]

1. d4 Nf6 2. c4 g6 3. Nc3 c5 4. d5 e6 5. Nf3 exd5 6. cxd5 d6 7. Bg5 Bg7 8. e3 0-0 9. Bd3 a6 10. a4 Bg4 11. 0-0 Nbd7 12. Qc2 Bxf3 13. gxf3 Ne5 14. Be2 Qc7 15. f4 Ned7 16. e4 Rfe8 17. Rfe1 Rab8 18. Rad1 Nb6 19. Bf1 Nh5 20. Ne2 Nd7 21. Bh4 b5 22. axb5 axb5 23. Bg3 b4 24. Nd4 Qb6 25. Bb5 Rb7 26. Bxd7 Rxd7 27. Nc6 Bh6 28. Qa4 Bxf4 29. Nxb4 Rdd8 30. Nd3 Bh6 31. Kg2 Nxg3 32. hxg3 Bg7 33. b3 Ra8 34. Qc4 Ra3 35. e5 Rxb3 36. exd6 Rd8 37. Qxc5 Bd4 38. Qc6 Rxd6 39. Re8+ Kg7 40. Qc8 Qb7 41. Qxb7 Rxb7 42. Re4 Ba7 43. Nf4 Rb2 44. Re2 Rxe2 45. Nxe2 Bb8 46. Nc3 Rb6 47. Ne4 f5 48. Nc5 Bd6 49. Ne6+ Kf6 50. Nd4 Rb2 51. Ne6 Rb5 52. f4 h6 53. Rd3 Rb2+ 54. Kf3 Bb8 55. Nd4 Bd6 56. Ne2 g5 57. Re3 g4+ 58. Kg2 Bc5 59. Re6+ Kf7 60. Kf1 Rd2 61. Re5 Bd6 62. Re6 Rxd5 63. Rxh6 Rd3 64. Kg2 Ke7 65. Rh1 Ke6 66. Re1 Kd5 1/2-1/2

[Event "POL-chT U19 30th"]
[Site "Straszecin"]
[Date "1999.??.??"]
[Round "?"]
[White "Adamowski, Jan"]
[Black "Stoma, Pawel"]
[Result "0-1"]
[WhiteElo "2079"]
[BlackElo "2121"]
[PlyCount "66"]
[EventDate "1999.07.21"]
[EventType "team-tourn"]
[EventRounds "11"]
[EventCountry "POL"]
[SourceTitle "EXT 2002"]
[Source "ChessBase"]
[SourceDate "2001.11.25"]
[SourceVersion "1"]
[SourceVersionDate "2001.11.25"]
[SourceQuality "1"]
[WhiteTeam "Krzeszowice Swit U19"]
[BlackTeam "Lublin Drakon U19"]
[WhiteTeamCountry "POL"]
[BlackTeamCountry "POL"]

1. c4 e5 2. g3 Nc6 3. Bg2 d6 4. Nc3 Be6 5. d3 Qd7 6. Rb1 g6 7. Nf3 Bh3 8. 0-0 Bxg2 9. Kxg2 Bg7 10. e4 Nge7 11. Be3 Nd4 12. Bxd4 exd4 13. Nd5 0-0 14. Qc2 Rae8 15. Nxe7+ Rxe7 16. Rbe1 h6 17. b3 Kh7 18. Re2 Qc6 19. Rfe1 f5 20. Nd2 Ref7 21. f3 Qd7 22. f4 g5 23. fxg5 f4 24. g6+ Kxg6 25. Rf2 Qg4 26. Qd1 Qg5 27. Nf3 fxg3 28. hxg3 Be5 29. Nxg5 Rxf2+ 30. Kg1 hxg5 31. Re2 R2f3 32. Rg2 Bxg3 33. Qe2 Re3 0-1

[Event "POL-chT U19 30th"]
[Site "Straszecin"]
[Date "1999.??.??"]
[Round "?"]
[White "Lopusiewicz, Piotr"]
[Black "Adamowski, Jan"]
[Result "1-0"]
[WhiteElo "2154"]
[BlackElo "2079"]
[PlyCount "55"]
[EventDate "1999.07.21"]
[EventType "team-tourn"]
[EventRounds "11"]
[EventCountry "POL"]
[SourceTitle "EXT 2002"]
[Source "ChessBase"]
[SourceDate "2001.11.25"]
[SourceVersion "1"]
[SourceVersionDate "2001.11.25"]
[SourceQuality "1"]
[WhiteTeam "Legnica Miedz U19"]
[BlackTeam "Krzeszowice Swit U19"]
[WhiteTeamCountry "POL"]
[BlackTeamCountry "POL"]

1. d4 c5 2. d5 e6 3. c4 Nf6 4. Nc3 exd5 5. cxd5 d6 6. g3 g6 7. Bg2 Bg7 8. Nf3 0-0 9. 0-0 Re8 10. Nd2 Nbd7 11. a4 a6 12. Nc4 Nb6 13. Na3 Bd7 14. h3 Qc7 15. e4 Rab8 16. Re1 Nc8 17. Nc4 b5 18. Nxd6 Qxd6 19. e5 Qb6 20. exf6 Rxe1+ 21. Qxe1 Bxf6 22. Bf4 Ra8 23. d6 Rb8 24. Nd5 Qd8 25. Be5 Bg7 26. Ne7+ Kf8 27. Qc3 Bh6 28. Bf4 1-0

[Event "Sas van Gent ECI op U20 25th"]
[Site "Sas van Gent"]
[Date "1998.??.??"]
[Round "6"]
[White "Adamowski, Jan"]
[Black "Hartung, Jerry"]
[Result "1/2-1/2"]
[WhiteElo "2095"]
[BlackElo "2075"]
[PlyCount "63"]
[EventDate "1998.08.??"]
[EventType "swiss"]
[EventRounds "9"]
[EventCountry "NED"]
[SourceTitle "EXT 1999"]
[Source "ChessBase"]
[SourceDate "1998.11.16"]
[SourceVersion "1"]
[SourceVersionDate "1998.11.16"]
[SourceQuality "1"]

1. g3 e5 2. Bg2 c6 3. d4 exd4 4. Qxd4 d5 5. Nf3 Nf6 6. 0-0 Nbd7 7. c3 Bc5 8. Qa4 Ne4 9. Qc2 Ndf6 10. Bg5 0-0 11. Nbd2 Nxg5 12. Nxg5 h6 13. Ngf3 Re8 14. Nb3 Qe7 15. Nxc5 Qxc5 16. e3 Bg4 17. Nd4 Qd6 18. Rac1 Qd7 19. Rfe1 Rac8 20. c4 c5 21. Ne2 dxc4 22. Qxc4 Be6 23. Qc2 Bd5 24. Red1 Qc6 25. Rxd5 Nxd5 26. Qd2 Red8 27. Rd1 Qa6 28. Bxd5 Rxd5 29. Qxd5 Qxe2 30. Rd2 Qa6 31. Qf5 b6 32. a3 1/2-1/2

[Event "POL-ch U16"]
[Site "Krynica"]
[Date "1998.??.??"]
[Round "?"]
[White "Jedynak, Radoslaw"]
[Black "Adamowski, Jan"]
[Result "1-0"]
[WhiteElo "2210"]
[BlackElo "2110"]
[PlyCount "57"]
[EventDate "1998.??.??"]
[EventType "swiss"]
[EventRounds "11"]
[EventCountry "POL"]
[SourceTitle "EXT 2002"]
[Source "ChessBase"]
[SourceDate "2001.11.25"]
[SourceVersion "1"]
[SourceVersionDate "2001.11.25"]
[SourceQuality "1"]

1. e4 e6 2. d4 d5 3. Nc3 Nf6 4. Bg5 Bb4 5. e5 h6 6. Bd2 Bxc3 7. bxc3 Ne4 8. Qg4 g6 9. Bd3 Nxd2 10. Kxd2 c5 11. Nf3 Qc7 12. Qf4 f5 13. h4 Nc6 14. dxc5 Bd7 15. Nd4 Ne7 16. Bb5 0-0-0 17. Rab1 g5 18. Bxd7+ Rxd7 19. Qe3 f4 20. Qe2 Nc6 21. Nb5 Qa5 22. Nd6+ Kb8 23. Rb5 Qa4 24. Rhb1 Rhh7 25. Qh5 a6 26. Rxb7+ Ka8 27. Qe8+ Rd8 28. Qxd8+ Nxd8 29. Rb8+ 1-0